| 000 | 00778nam a2200193Ia 4500 | ||
|---|---|---|---|
| 008 | 090124s9999 xx 000 0 und d | ||
| 082 | _b27731 | ||
| 100 | _aतेजस्वी के. पी. पूर्णचंद्र | ||
| 245 | _a कर्वालो व गूढ माणसं | ||
| 250 | _a1 | ||
| 260 |
_bमराठी साहित्य परिषद _c1989 |
||
| 300 | _a163 | ||
| 600 | _aतेजस्वी के. पी. पूर्णचंद्र | ||
| 630 | _a कर्वालो व गूढ माणसं | ||
| 700 | _aतेजस्वी के. पी. पूर्णचंद्र | ||
| 700 | _aकुऴकर्णी उमा | ||
| 730 | _a कर्वालो व गूढ माणसं | ||
| 942 | _cBOOK | ||
| 999 |
_c94429 _d94429 |
||